00388nam a2200133Ia 4500008004100000020001800041041001200059082001100071100001800082245008600100260004800186300000800234650001200242221030s9999 xx 000 0 und d a9781422171721 aEnglish a105.23 aS. D. Anthony 4aThe Little Black Book of Innovation - How it Works How to do Itcby S. D. Anthony bHarvard Business Review PressaBostonc2012 a283 aGeneral